| 000 | 00614nam a2200229 a 4500 | ||
|---|---|---|---|
| 005 | 20210219153335.0 | ||
| 008 | 991125n 000 0 spa u | ||
| 035 | _aUPN01000092511 | ||
| 100 | _aGARRALON, Ana | ||
| 222 |
_aEDUCACION Y BIBLIOTECA : _bREVISTA MENSUAL DE DOCUMENTACION Y RECURSOS DIDACTICOS |
||
| 245 | _aPiedra, papel... ¡ARTE! | ||
| 260 | _aMADRID, ESPAÑA | ||
| 300 | _a16-18 | ||
| 362 | _a1994 no. 45, mar. | ||
| 653 | 0 | _aARTE | |
| 653 | 0 | _aEDUCACION ARTISTICA | |
| 653 | 0 | _aESPAÑA | |
| 653 | 0 | _aLIBROS INFANTILES | |
| 653 | 0 | _aNIÑOS | |
| 904 |
_aAC _b030322 |
||
| 905 | _aArticulo | ||
| 999 |
_c74348 _d74348 |
||